AH International Schools' Libraries

Big tracks, little tracks : (Record no. 49421)

MARC details
000 -LEADER
fixed length control field 01286nam a2200289 4500
020 ## - INTERNATIONAL STANDARD BOOK NUMBER
International Standard Book Number 0060282096 (lib. bdg.)
020 ## - INTERNATIONAL STANDARD BOOK NUMBER
International Standard Book Number 9780439104968
020 ## - INTERNATIONAL STANDARD BOOK NUMBER
International Standard Book Number 0064451941 (pbk.)
040 ## - CATALOGING SOURCE
Original cataloging agency DLC
Transcribing agency DLC
Modifying agency DLC
042 ## - AUTHENTICATION CODE
Authentication code lcac
050 00 - LIBRARY OF CONGRESS CALL NUMBER
Classification number QL768
Item number .S44 1999
082 00 - DEWEY DECIMAL CLASSIFICATION NUMBER
Classification number 599.147/9
Edition number 21
100 ## - MAIN ENTRY--PERSONAL NAME
Personal name Selsam, Millicent Ellis,
Dates associated with a name 1912-
Relator term author.
240 ## - UNIFORM TITLE
Uniform title <a href="How to be a nature detective">How to be a nature detective</a>
245 10 - TITLE STATEMENT
Title Big tracks, little tracks :
Remainder of title following animal prints /
Statement of responsibility, etc by Millicent E. Selsam ; illustrated by Marlene Hill Donnelly.
260 ## - PUBLICATION, DISTRIBUTION, ETC. (IMPRINT)
Place of publication, distribution, etc New York, NY :
Name of publisher, distributor, etc HarperCollinsPublishers,
Date of publication, distribution, etc [1999]
300 ## - PHYSICAL DESCRIPTION
Extent 31 p. :
Other physical details col. ill. ;
Dimensions 21 x26 cm.
440 #0 - SERIES STATEMENT/ADDED ENTRY--TITLE
Title Let's-read-and-find-out science.
Number of part/section of a work Stage 1
500 ## - GENERAL NOTE
General note Originally published: How to be a nature detective. New York : HarperCollins Pub., c1995, in series: Let's read and find out science.
520 ## - SUMMARY, ETC.
Summary, etc Keeping a sharp eye out for clues like animal tracks and odors can help people identify the animals that have passed through an area.
650 #0 - SUBJECT ADDED ENTRY--TOPICAL TERM
Topical term or geographic name as entry element Animal tracks
General subdivision Identification
-- Juvenile literature.
9 (RLIN) 42443
650 #0 - SUBJECT ADDED ENTRY--TOPICAL TERM
Topical term or geographic name as entry element Tracking and trailing
General subdivision Juvenile literature.
9 (RLIN) 42444
650 #1 - SUBJECT ADDED ENTRY--TOPICAL TERM
Topical term or geographic name as entry element Animal tracks.
9 (RLIN) 42445
650 #1 - SUBJECT ADDED ENTRY--TOPICAL TERM
Topical term or geographic name as entry element Tracking and trailing.
9 (RLIN) 42446
700 ## - ADDED ENTRY--PERSONAL NAME
Personal name Donnelly, Marlene Hill,
Relator term ill.
9 (RLIN) 86610
942 ## - ADDED ENTRY ELEMENTS (KOHA)
Source of classification or shelving scheme
Koha item type Book
Holdings
Withdrawn status Lost status Source of classification or shelving scheme Damaged status Not for loan Home library Current library Date acquired Total Checkouts Full call number Barcode Date last seen Price effective from Koha item type
          Logos International School Logos International School 08/25/2025   J 599.147 SEL 042906 08/25/2025 08/25/2025 Book

For any Logos Library related questions please contact Miss Art at swongnarasuk@asianhope.org.

For any Asian Hope Library related questions please contact Miss Raza at graza@asianhope.org.

Click here to explore our ebooks!

Powered by Koha